|
|
|
|
| LEADER |
01043nam a22002532a 4500 |
| 001 |
000096100 |
| 003 |
CZ BrMZK |
| 005 |
20200229202514.0 |
| 007 |
ta |
| 008 |
950101s1939 xr f cze d |
| 015 |
|
|
|a cnb001056627
|
| 035 |
|
|
|a (OCoLC)85635203
|
| 040 |
|
|
|a ABA001
|b cze
|c ABA001
|d ABA001
|
| 100 |
1 |
|
|a Feder, Richard,
|d 1875-1970
|7 jk01030807
|4 aut
|
| 245 |
1 |
0 |
|a Sinai :
|b Učebnice izraelského náboženství pro obecné, měšťanské a střední školy.
|n Díl druhý,
|p Izraelité ve své zemi /
|c Napsal Dr. Richard Feder ...
|
| 246 |
3 |
0 |
|a Izraelité ve své zemi
|
| 260 |
|
|
|a V Praze :
|b Státní nakladatelství,
|c 1939
|
| 300 |
|
|
|a 371 s. ;
|c 8°
|
| 500 |
|
|
|a Dostupné též v digitální podobě v aplikaci Kramerius
|
| 856 |
4 |
1 |
|u http://www.digitalniknihovna.cz/mzk/uuid/uuid:bad03a90-757a-11ea-9408-005056827e51
|y Digitalizovaný dokument
|x NDK
|
| 910 |
|
|
|a BOA001
|b 2-0241.427,2
|
| 990 |
|
|
|a BK
|
| 991 |
|
|
|b 202002
|
| 996 |
6 |
|
|b 2619984093
|c 2-0241.427,2
|l MZK
|r Sklad / do 24 hodin
|n 30
|p xerox
|w 000096100
|u 000010
|a 1
|e BOA001
|j MZK50
|s P
|